Datum a čas kvízu
31
Celkem bodů
Celkový počet nahraných bodů na tomto kvízu bez doplňovacích otázek.
6.
Pořadí na kvízu
Konečné umístění týmu na tomto kvízu.
Zaznamenané odpovědi
# | Otázka | Odpověď | Body | Výsledky |
---|---|---|---|---|
1. | Která česká herečka se objevuj... | Libuše Šafránková | 1 | |
2. | Propojte slavné české herce a... | 1C 2A 3B | 1 | |
3. | Které značky byla hasičská cis... | Praga (Praga Grand) | 1 | |
4. | Uveďte barvu saka, které má ve... | růžovou | 1 | |
5. | Přiřaďte tyto filmy k příslušn... | 1C 2D 3B 4A | 1 | |
6. | Divácky atraktivními bývají se... | Anna Fialová, Vojtěch Vodochodský | 0 | |
7. | Ve kterém českém seriálu jsou... | Okresní přebor | 0 | |
8. | V seriálu Hospoda si jedna z v... | Bohoušek | 1 | |
9. | Postavy z budoucnosti v českos... | amarouny | 1 | |
10. | Která povolání vykonávali rodi... | C | 1 |